| 000 | 01751nam0a2200385 4500 | ||
|---|---|---|---|
| 001 | RU\NLR\bibl\27138 | ||
| 005 | 20260405104829.0 | ||
| 010 |
_a5-200-02298-3 _98000 |
||
| 035 | _a(NLR Aleph) 000026445 | ||
| 090 |
_a128328 _c128328 |
||
| 100 | _a19990513d1998 |||y0rusy50 ca | ||
| 101 | 0 |
_arus _aeng |
|
| 102 | _aRU | ||
| 105 | _a||||||||||||| | ||
| 200 | 1 |
_aАвстралия и Новая Зеландия _dDictionary of Australia and New Zealand _eЛингвострановедч. слов. _eОк. 5000 единиц _f[Д. филол. н. В.В. Ощепкова и др.] _gПод общ. рук. д.филол.н. В.В. Ощепковой и к.филол.н. А.С. Петриковой |
|
| 210 |
_aМ. _cРус. яз. _d1998 |
||
| 215 | _a213 с., [11] л. цв. ил. | ||
| 320 | _aБиблиогр.: с. 15-18 и в подстроч. прим. | ||
| 510 | 0 |
_aDictionary of Australia and New Zealand _zeng |
|
| 606 | 0 |
_aАнглийский язык _xЛингвострановедческие словари _xРусский язык _92074752 _3RU\NLR\auth\661249764 |
|
| 607 |
_aАвстралия _jСловари _91013037 _3RU\NLR\auth\6668294 |
||
| 607 |
_aНовая Зеландия _jСловари _91084116 _3RU\NLR\auth\66105281 |
||
| 686 | _aД890(82)я21 | ||
| 686 | _aД890(87НвЗ)я21 | ||
| 686 | _aШ143.21-491 | ||
| 701 | 1 |
_4070 _8rus _7ca _aОщепкова _bВ. В. _gВиктория Владимировна _3RU\NLR\auth\7740222 _923174 |
|
| 701 | 1 |
_aПетриковская _bА. С. _4070 |
|
| 801 | 0 |
_aRU _bNLR _c19990513 _gPSBO |
|
| 801 | 1 |
_aRU _bNLR _c19990513 |
|
| 852 |
_aNLR _jС К-2/7458 |
||
| 942 | _cBOOK | ||
| 980 | _aNB | ||